000 01075nam0a2200301 4500
001 RU\NLR\bibl\835006
005 20250614143024.0
010 _a5-9512-0435-6
_92000
021 _aRU
_b2005-42003
_92079
035 _a(NLR Aleph) 000823851
090 _a1318134
_c1318134
100 _a20050831d2005 |||y0rusy50 ca
101 0 _arus
102 _aRU
105 _ay |||||||||
200 1 _aЯзыкознание
_eучебник для ссузов
_fС.В. Ассаулова
210 _aМосква
_cПриор-издат
_d2005
215 _a157 с.
_d21
320 _aБиблиогр.: с. 155 (4 назв.)
606 1 _aЯзыкознание
_jУчебные издания для среднего профессионального образования
_9911558
_3RU\NLR\auth\6613279
686 _aШ10я723
700 1 _aАссаулова
_bС. В
_gСветлана Викторовна
_4070
801 0 _aRU
_bNLR
_c20050831
_grcr
801 1 _aRU
_bNLR
_c20050831
830 _aавт. по ЭК
942 _cBOOK
980 _aNB